| 000 | 00399nam a2200145Ia 4500 | ||
|---|---|---|---|
| 008 | 230411s9999 xx 000 0 und d | ||
| 020 | _a978-81-239-1510-4 | ||
| 041 | _aeng | ||
| 082 | _aOG/612.64/ZAR/JAI/B05618 | ||
| 100 |
_aZargar R & Jain N _9178644 |
||
| 245 | _aHuman Embryology | ||
| 260 |
_bCBS Publishers & Distributors _aNew Delhi _c2008 |
||
| 300 | _a173p | ||
| 999 |
_c156132 _d156132 |
||